[Event "HUN-chT BAZ megyei CSB 2223"]
[Site "Hungary"]
[Date "2023.04.16"]
[Round "9.5"]
[White "Kiss, Istvan"]
[Black "Runda, Mate Bence"]
[Result "1/2-1/2"]
[WhiteElo "1678"]
[BlackElo "1866"]
[PlyCount "39"]
[EventDate "2022.09.25"]
[EventType "team-tourn"]
[EventRounds "9"]
[EventCountry "HUN"]
[SourceTitle "EXT 2025"]
[Source "ChessBase"]
[SourceDate "2024.10.14"]
[SourceVersion "1"]
[SourceVersionDate "2024.10.14"]
[SourceQuality "1"]
[WhiteTeam "Hidasnemeti VSC"]
[BlackTeam "DVTK II"]
[WhiteTeamCountry "HUN"]
[BlackTeamCountry "HUN"]

1. d4 d5 2. Nf3 Nf6 3. e3 e6 4. c4 Be7 5. Nc3 0-0 6. Be2 b6 7. 0-0 Bb7 8. b3 Nbd7 9. cxd5 exd5 10. Bb2 Re8 11. Rc1 c6 12. Bd3 Bd6 13. Re1 Ne4 14. Qc2 Qe7 15. Bf1 Ndf6 16. g3 Nxc3 17. Bxc3 Ne4 18. Red1 Rac8 19. Bh3 Rc7 20. Bb2 1/2-1/2

[Event "HUN-chT BAZ megyei CSB 2223"]
[Site "Hungary"]
[Date "2022.10.02"]
[Round "2.5"]
[White "Kiss, Istvan"]
[Black "Tiszoczki, Gabor"]
[Result "0-1"]
[WhiteElo "1732"]
[BlackElo "1765"]
[PlyCount "110"]
[EventDate "2022.09.25"]
[EventType "team-tourn"]
[EventRounds "9"]
[EventCountry "HUN"]
[SourceTitle "EXT 2025"]
[Source "ChessBase"]
[SourceDate "2024.10.14"]
[SourceVersion "1"]
[SourceVersionDate "2024.10.14"]
[SourceQuality "1"]
[WhiteTeam "Hidasnemeti VSC"]
[BlackTeam "Edelenyi VSE II"]
[WhiteTeamCountry "HUN"]
[BlackTeamCountry "HUN"]

1. e4 c5 2. Nf3 Nc6 3. c3 e6 4. Bd3 Nf6 5. h3 d5 6. e5 Nd7 7. Bb5 Qc7 8. Bxc6 bxc6 9. Qe2 a5 10. d3 Ba6 11. Bf4 Rb8 12. Qc2 Qb6 13. b3 c4 14. bxc4 dxc4 15. d4 Qb2 16. Qxb2 Rxb2 17. 0-0 Be7 18. Nbd2 0-0 19. Rfc1 Rfb8 20. Ne1 g5 21. Be3 Nb6 22. Rc2 Nd5 23. Rac1 h6 24. Nf1 a4 25. Bd2 Kg7 26. Ne3 Nf4 27. Rxb2 Rxb2 28. Rc2 a3 29. Nd1 Rb1 30. Ne3 Nd3 31. Kf1 Bb5 32. Ke2 Ba4 33. Nxd3 cxd3+ 34. Kxd3 Bxc2+ 35. Nxc2 Rb2 36. c4 Rxa2 37. c5 Rb2 38. Bc3 Rb1 39. Nxa3 Rg1 40. g3 Rh1 41. Nc4 Bd8 42. Ba5 Bxa5 43. Nxa5 Kf8 44. Nxc6 Ke8 45. Na5 Rxh3 46. Nc4 Rh1 47. Nd6+ Ke7 48. Kc4 h5 49. c6 h4 50. Kb5 Rb1+ 51. Kc5 Rc1+ 52. Kb6 h3 53. f4 h2 54. f5 h1Q 55. f6+ Kf8 0-1

[Event "HUN-chT2 Breyer 2122"]
[Site "Hungary"]
[Date "2021.12.19"]
[Round "4.9"]
[White "Vancsisin, Mark"]
[Black "Kiss, Istvan"]
[Result "1/2-1/2"]
[WhiteElo "1753"]
[BlackElo "1726"]
[PlyCount "87"]
[EventDate "2021.10.10"]
[EventType "team-tourn"]
[EventRounds "9"]
[EventCountry "HUN"]
[SourceTitle "EXT 2025"]
[Source "ChessBase"]
[SourceDate "2024.10.14"]
[SourceVersion "1"]
[SourceVersionDate "2024.10.14"]
[SourceQuality "1"]
[WhiteTeam "Naszaly Geniusz Tata"]
[BlackTeam "Nyergesujfalu"]
[WhiteTeamCountry "HUN"]
[BlackTeamCountry "HUN"]

1. e4 d6 2. d4 Nf6 3. Nc3 g6 4. Nf3 Bg4 5. h3 Bxf3 6. Qxf3 c6 7. e5 dxe5 8. dxe5 Nd5 9. Bc4 e6 10. 0-0 Nd7 11. Re1 Bg7 12. Bxd5 cxd5 13. Bf4 a6 14. Rad1 0-0 15. Qe3 Qb6 16. Qxb6 Nxb6 17. Be3 Nc4 18. Bd4 Na5 19. Na4 b5 20. Nb6 Rad8 21. Bc5 Rfe8 22. Bd6 Nc4 23. Nxc4 bxc4 24. b3 cxb3 25. axb3 f6 26. f4 Rc8 27. Rc1 fxe5 28. Bxe5 Bxe5 29. Rxe5 Kf7 30. c4 Rc5 31. Rce1 a5 32. g4 Rcc8 33. f5 exf5 34. cxd5 Rxe5 35. Rxe5 Re8 36. Rxe8 Kxe8 37. gxf5 gxf5 38. Kf2 Kd7 39. Ke3 Kd6 40. Kd4 f4 41. Ke4 f3 42. Kxf3 Kxd5 43. Ke3 Kc5 44. Kd3 1/2-1/2

[Event "HUN-chT2 Breyer 2122"]
[Site "Hungary"]
[Date "2021.10.31"]
[Round "2.7"]
[White "Nadi, Ferenc"]
[Black "Kiss, Istvan"]
[Result "1-0"]
[WhiteElo "2008"]
[BlackElo "1753"]
[PlyCount "83"]
[EventDate "2021.10.10"]
[EventType "team-tourn"]
[EventRounds "9"]
[EventCountry "HUN"]
[SourceTitle "EXT 2025"]
[Source "ChessBase"]
[SourceDate "2024.10.14"]
[SourceVersion "1"]
[SourceVersionDate "2024.10.14"]
[SourceQuality "1"]
[WhiteTeam "Fehervar"]
[BlackTeam "Nyergesujfalu"]
[WhiteTeamCountry "HUN"]
[BlackTeamCountry "HUN"]

1. e4 d6 2. d4 Nf6 3. Nc3 g6 4. Nf3 Bg4 5. Be2 Bg7 6. 0-0 0-0 7. Be3 c6 8. a4 Nbd7 9. h3 Bxf3 10. Bxf3 e5 11. dxe5 Nxe5 12. Be2 Qe7 13. Qd2 Ned7 14. f3 Rfd8 15. Rad1 Nf8 16. Bc4 Ne6 17. Rfe1 Nc7 18. Bf4 Nce8 19. g4 d5 20. Bd3 Qc5+ 21. Kg2 d4 22. Ne2 Nd7 23. Ng3 Ne5 24. Bxe5 Bxe5 25. f4 Bg7 26. b3 Qb6 27. g5 Bf8 28. h4 Bb4 29. Qe2 Bxe1 30. Rxe1 Ng7 31. h5 Ne6 32. Rf1 Kg7 33. Qg4 Rh8 34. f5 Nc5 35. h6+ Kf8 36. Bc4 Ke8 37. Qf4 Rf8 38. fxg6 hxg6 39. Qe5+ Kd8 40. h7 Kd7 41. Qxd4+ Kc7 42. Qe5+ 1-0